000 00938cam a22002773a 4500
001 19140
003 PGUSA
005 20140828083415.0
008 060829s2006||||xxu|||||s|||||000 1 eng d
040 _aPGUSA
_beng
042 _adc
050 4 _aPZ
100 1 _aTytler, Sarah,
_d1827-1914
245 1 0 _aGirlhood and Womanhood :
_bThe Story of some Fortunes and Misfortunes
_h[electronic resource] /
_cSarah Tytler
260 _bProject Gutenberg,
_c2006
506 _aPublic domain in the USA.
516 _aElectronic text
653 _aAdventure and adventurers -- Juvenile fiction
653 _aYoung women -- Juvenile fiction
653 _aEngland -- Social life and customs -- 19th century -- Juvenile fiction
653 _aGirls -- Conduct of life -- Juvenile fiction
653 _aMarriage -- Juvenile fiction
830 0 _aProject Gutenberg
_v19140
856 4 0 _uhttp://www.gutenberg.org/ebooks/19140
942 _cEB
999 _c248395
_d248395